| 000 -CABECERA (24) |
| Campo de control interno |
02456nam a22003134a 4500 |
| 003 - IDENTIFICADOR DE CONTROL |
| Campo control |
BOLpUSFA |
| 005 - FECHA Y HORA DE CATALOGACION |
| Campo de control |
20260520183059.0 |
| 008 - ELEMENTOS DE LONGITUD FIJA - INFORMACIÓN GENERAL |
| Campo de control de longitud fija |
t bo gr 001 | spa|| |
| 017 ## - DEPOSITO LEGAL |
| Número de Depósito legal |
4-1-2894-2024 |
| 040 ## - Origen de la Catalogacion |
| Origen de la Catalogacion |
BOLpUSFA |
| 041 ## - Código de idioma (R) |
| Código de lengua del texto/banda sonora o título independiente (R) |
spa |
| 044 ## - Código de país de la publicación |
| Codigo ISO de pais |
BO |
| 082 ## - Número de la Clasificación Decimal Dewey |
| Número de la Clasificación Decimal Dewey |
BO 305.31 |
| Codigo Cutter |
C579e 9no. |
| 110 ## - Autor Corporativo |
| Nombre de entidad corporativa o nombre de jurisdicción como elemento inicial (NR |
Centro de Investigación Social Tecnología Apropiada y Capacitación (CISTAC) |
| 245 ## - Titulo |
| Titulo |
9no. Encuentro de Trabajo en masculinidades. Memoria |
| 260 ## - Editorial |
| Ciudad |
La Paz: |
| Nombre de la Editorial |
CISTAC, |
| Fecha |
2024 |
| 300 ## - Descripcion |
| Extension |
130 p. |
| 520 ## - Resumen |
| Resumen |
Bajo la consigna "Beberemos, comeremos y soñaremos masculinidades", el Noveno Encuentro Internacional de Trabajo en masculinidades nos sumergió en una profunda exploración de los diversos aspectos que conforman las masculinidades contemporáneas<br/><br/>De manera previa, entre el 18 de octubre y el 10 de noviembre de 2022, se realizaron seis webinarios adelantando la reflexión sobre los temas que serían abordados en el Encuentro mismo. El objetivo fue fomentar una mayor comprensión y participación, así como preparar el terreno para discusiones significativas e intercambio de ideas durante el evento principal.<br/><br/>El Noveno Encuentro, realizado entre el 17 y 20 noviembre en Vinto, Cochabamba incluyó una variedad de actividades académicas, vivenciales y reflexivas que invitaban a los y las participantes a explorar tanto el plano intelectual como el emocional de las masculinidades. Desde conferencias magistrales y talleres hasta paneles de discusión, desde experiencias corporales hasta debates conceptuales, nuestro objetivo fue crear un espacio inclusivo y enriquecedor donde pudimos aprender, compartir y crecer juntos en nuestro viaje hacia una masculinidad más equitativa.<br/><br/>Entre otros, los temas abordados en estos espacios fueron el pensamiento decolonial y su aporte al trabajo con hombres y masculinidades en contextos latinoamericanos; la sexualidad masculina como campo de reproducción del poder patriarcal; el cuidado como agenda interpeladora al patriarcado y capitalismo; la relevancia de políticas públicas enfocadas en hombres; y el pensamiento y praxis feminista en el trabajo con masculinidades. |
| 650 ## - Temas - Descriptores |
| Temas - Descriptores |
Masculinidades |
| 650 ## - Temas - Descriptores |
| Temas - Descriptores |
Encuentro |
| 650 ## - Temas - Descriptores |
| Temas - Descriptores |
Género |
| 650 ## - Temas - Descriptores |
| Temas - Descriptores |
Patriarcado |
| 650 ## - Temas - Descriptores |
| Temas - Descriptores |
Sexualidad |
| 650 ## - Temas - Descriptores |
| Temas - Descriptores |
Feminismo |
| 650 ## - Temas - Descriptores |
| Temas - Descriptores |
Diversidades sexuales |
| 650 ## - Temas - Descriptores |
| Temas - Descriptores |
Violencia |
| 651 ## - Punto de acceso adicional de materia - Nombre geográfico (R) |
| Nombre geográfico (NR) |
Latinoamérica |
| 942 ## - ELEMENTOS DE KOHA |
| Esquema de Clasificaci |
|
| Tipo de Documento |
Libros |
| Catalogador |
LLO |